Loading...
| Science - Chemistry | 0 | 7 | 0 | 2 | 70 | 17 | 62.00 | 1 | 3 | 0.00 | 0.00 |
| Science - Physics | 0 | 7 | 1 | 0 | 65 | 12 | 36.14 | 3 | 7 | 0.00 | 0.00 |
| Science - Biology | 0 | 6 | 1 | 0 | 55 | 42 | 49.33 | 1 | 6 | 0.00 | 0.00 |
| Fine Arts - Other | 0 | 2 | 0 | 0 | 20 | 88 | 92.50 | 0 | 1 | 0.00 | 0.00 |
| Painting/Sculpture | 0 | 1 | 0 | 0 | 10 | 69 | 69.00 | 0 | 1 | 0.00 | 0.00 |
| Mythology | 0 | 1 | 0 | 0 | 10 | 47 | 47.00 | 1 | 1 | 0.00 | 0.00 |
| Literature - American | 0 | 1 | 0 | 0 | 10 | 71 | 71.00 | 0 | 0 | 0.00 | 0.00 |
| Literature - World | 0 | 1 | 0 | 0 | 10 | 76 | 76.00 | 0 | 1 | 0.00 | 0.00 |
| Current Events | 0 | 1 | 0 | 0 | 10 | 54 | 54.00 | 0 | 1 | 0.00 | 0.00 |